Anglicizmy vo výučbe všeobecného nemeckého jazyka
Anglický jazyk ako lingua franca. Výrazné postavenie anglického jazyka v Európskej únii. Vplyv anglického jazyka na nemecký jazyk. Anglicizmy vo výučbe všeobecného nemeckého jazyka.
Salvato in:
| Autore principale: | |
|---|---|
| Natura: | Capitolo di libro |
| Lingua: | slovacco |
| Soggetti: | |
| Tags: |
Nessun Tag, puoi essere il primo ad aggiungerne!!
|
MARC
| LEADER | 00000nla a2200000 4500 | ||
|---|---|---|---|
| 001 | 0160540 | ||
| 005 | 20240502072802.2 | ||
| 041 | 0 | |a slo | |
| 044 | |a SK | ||
| 245 | 1 | 0 | |a Anglicizmy vo výučbe všeobecného nemeckého jazyka |c Zdenka Kanisová |
| 520 | |a Anglický jazyk ako lingua franca. Výrazné postavenie anglického jazyka v Európskej únii. Vplyv anglického jazyka na nemecký jazyk. Anglicizmy vo výučbe všeobecného nemeckého jazyka. | ||
| 610 | 2 | 0 | |a angličtina |
| 610 | 2 | 0 | |a jazyky cudzie |
| 610 | 2 | 0 | |a nemčina |
| 610 | 2 | 0 | |a vyučovanie |
| 610 | 2 | 0 | |a vzdelávanie |
| 100 | 1 | |a Kanisová, Zdenka | |